| 000 | 00503nam a22001817a 4500 | ||
|---|---|---|---|
| 003 | CEME | ||
| 005 | 20210628203008.0 | ||
| 008 | 210216b xxu||||| |||| 00| 0 eng d | ||
| 020 | _a81-7554-151-1 | ||
| 040 | _c. | ||
| 082 | _a658.314 DEN | ||
| 100 |
_aDenny, Richard _962779 |
||
| 245 | _aMotivate to win, tested techniques for greater achievement | ||
| 260 |
_aNEW DELHI _bKOGAN PAGE _c2002 |
||
| 300 | _a160P | ||
| 650 |
_aMOTIVATION-TECHNIQUES FOR GREATER ACHIEVEMENT _962780 |
||
| 942 |
_cBK _2ddc |
||
| 999 |
_c571775 _d571775 |
||